Normal view
MARC view
Entry Personal Name
001 - CONTROL NUMBER
- control field: 1184
003 - CONTROL NUMBER IDENTIFIER
- control field: ARRUPE
005 - DATE AND TIME OF LATEST TRANSACTION
- control field: 20130924185246.0
008 - FIXED-LENGTH DATA ELEMENTS
- fixed length control field: 130924|| aca||aabn | a|a d
040 ## - CATALOGING SOURCE
- Original cataloging agency: ARRUPE
- Transcribing agency: ARRUPE
100 ## - HEADING--PERSONAL NAME
- Personal name: Moore, G. E.
- Fuller form of name: (George Edward),
- Dates associated with a name: 1873-1958.
670 ## - SOURCE DATA FOUND
- Source citation: Work cat.: (ARRUPE)0: Moore, G. E. (George Edward), 1873-1958., The elements of ethics /, 1991.